Tate McRae - Paroles 2 hands - Statistiques

Statistiques générales
  • Ce quiz a été pris 96 fois
    95 depuis la dernière actualisation
  • Le résultat moyen est 400 sur 500
Statistiques - réponses
Hint Réponse % Correct
go
100%
go)
100%
hands
100%
hands)
100%
Bridge | Intro | Refrain I
100%
(I
100%
me
100%
two
100%
Two
100%
two)
100%
Couplet 1 | Couplet 2 You
100%
you
100%
do
98%
let
98%
Let
98%
on
98%
want
98%
Want
98%
win
98%
a
96%
(Ah)
96%
Don't
96%
don't
96%
(Don't
96%
your
96%
ever
94%
to
94%
Just
90%
just
90%
day
88%
in
88%
love
88%
And
84%
If
84%
if
84%
need
84%
Need
84%
one
84%
one,
84%
time
84%
times
84%
times,
84%
Baby,
82%
baby
82%
number
82%
17
80%
tell
80%
the
80%
all
78%
Like
78%
like
78%
(Like
78%
back
76%
back)
76%
hear
76%
I'm
76%
my
76%
'em
73%
it
73%
it,
73%
much
73%
much,
73%
life
69%
touch
69%
place
67%
second
67%
shit
67%
that?
67%
that
67%
that,
67%
that)
67%
Yeah
67%
know
65%
talk
65%
then
65%
At
63%
at
63%
no,
63%
no)
63%
(No)
63%
right
63%
savin'
63%
they
63%
(They
63%
We
63%
Better
61%
(Better
61%
fast
61%
put
61%
Pré-refrain 'Cause
59%
Can
57%
more
57%
needs
57%
not
57%
Not
57%
real
57%
everybody's
55%
good
55%
got
55%
lot
55%
mean
55%
of
55%
less
53%
look
53%
see
53%
girl
51%
it's
51%
little
51%
this
51%
three
51%
words,
51%
But
49%
'em
49%
last
49%
room
49%
she
49%
up
49%
well,
49%
hotels
47%
really
47%
that's
47%
top
47%
anymore
45%
fucked
45%
fuckin'
45%
could
43%
sweet
43%
(Sweet)
43%
thing
43%
compare
41%
for
41%
they're
41%
jewelry
39%
live
39%
night,
39%
Sayin'
39%
trust
39%
Turn
39%
free
37%
out
37%
things,
35%
bought
33%
gotta
33%
names
33%
with
33%
ain't
31%
gonna
31%
plenty
31%
saying
31%
spoil
31%
already
29%
bag
29%
(Alright)
27%
cute
24%
Seen
24%
Pré-refrain Still,
18%
Aucun quiz correspondant
Distribution des résultats
% des personnes avec chaque résultat
Percentile par nombre de réponses
Votre historique - résultats
Vous n’avez pas pris ce quiz depuis la dernière actualisation